00648nai a2200169Ia 4500003000900000008004100009022002200050022002300072040001600095245004700111260008600158310001200244362002600256521006900282650003900351856008800390IN-BaIIA211028c9999 xx s 000 0 eng d a0018-9464 (Print) a1941-0069 (Online) cIIA Library 0aIEEE Transactions on Magneticsh[eJournal] aNew York, USAbThe Institute of Electrical and Electronics Engineers, Inc. (IEEE) aMonthly a1(1); 1965 - Present  bSubscribed through National Knowledge Resource Consortium (NKRC) aFields, Waves and Electromagnetics uhttps://ieeexplore.ieee.org/servlet/opac?punumber=20yClick Here to Access eJournal